000 00633nam a2200229Ia 4500
003 OSt
005 20221006164201.0
006 a|||||r|||| 00| 0
007 ta
008 221006b |||||||| |||| 00| 0 hin d
024 _a4,416
037 _cTextual
040 _aFML
_cFML
_bhin
041 _2hin
_ahin
082 _aO152, 1J44:g, K6
100 _aChaturvedi Parshuram Ed.
_9422420
245 0 _aDadudayal Granthavali
260 _aVaranasi
_bNagri Pracharini Sabha India
_c1966
300 _a658
_ccm.
942 _hO152, 1J44:g, K6
_cTEXL
_2CC
999 _c1116439
_d1116439